000 00790nam a2200265 a 4500
999 _c920
_d920
008 191108r20072012ii a|||g |||| 001 0 eng d
020 _a9788189866204
_cRs. 225.00
040 _aKO
_beng
041 0 _aeng
044 _aii
082 0 4 _223
_a621
_bSi641
100 1 _aSingal, R. K.
245 1 0 _aBasic of Mechanical Engineering /
_cR. K. Singal, Mridul Singal and Rishi Singal
260 _aNew Delhi :
_bI. K. International Publishing House Pvt Ltd,
_c2007, reprinted 2012
300 _ax, 614 p. :
_bill. ;
_c24 cm.
504 _aIncludes index.
650 0 _aMechanical engineering
_vTextbooks
650 0 _aDeformations (Mechanics)
650 0 _aHeat-engines
700 1 _aSingal, Mridul
_eaut
700 1 _aSingal, Rishi
_eaut
904 _aS_JOY
942 _cBK